Purchasing and Materials Management

Uložené v:
Podrobná bibliografia
Hlavný autor: Leenders, Michiel R.
Ďalší autori: Fearon, Harold E., England, Wilbur B.
Médium: Kniha
Jazyk:English
Vydavateľské údaje: Homewood Irwin 1989
Vydanie:9. ed.
Tagy: Pridať tag
Žiadne tagy, Buďte prvý, kto otaguje tento záznam!

MARC

LEADER 00000nam a2200000 4500
001 c022392
005 20221215114343.7
041 0 |a eng 
044 |a US 
245 1 0 |a Purchasing and Materials Management  |c Michiel R. Leenders, Harold E. Fearon, Wilbur B. England 
250 |a 9. ed. 
264 1 |a Homewood  |b Irwin  |c 1989 
300 |a 672 s. 
100 1 |a Leenders, Michiel R. 
700 1 |a Fearon, Harold E. 
700 1 |a England, Wilbur B.